| 000 | 00433nam a22001697a 4500 | ||
|---|---|---|---|
| 003 | SGT | ||
| 020 | _a9788131243992 | ||
| 082 |
_a616.0707 _bO15N |
||
| 100 | _aNeville, Brad W.. [et. al.] | ||
| 245 | _aOral and Maxillofacial Pathology | ||
| 250 | _a1st South Asia | ||
| 260 |
_bElsevier _c2015 |
||
| 300 | _a912 | ||
| 650 | _aOral and Maxillofacial Pathology | ||
| 653 | _aOral and Maxillofacial Pathology | ||
| 942 |
_2ddc _cBK _026 |
||
| 999 |
_c22811 _d22811 |
||